000 00560nam a2200181Ia 4500
008 090124s9999 xx 000 0 und d
082 _b28360
_a7115
100 _aकाळे व.पु. (वसंत पुरुषोत्तम)
245 _a सखी
250 _a2
260 _c1995
300 _a183
600 _aकाळे व.पु. (वसंत पुरुषोत्तम)
630 _a सखी
700 _aकाळे व.पु. (वसंत पुरुषोत्तम)
730 _a सखी
942 _cBOOK
999 _c141822
_d141822